000 01436nam a2200349 i 4500
001 133739
003 ES-MaACL
005 20230906194522.0
007 t|
008 070828s1946 sp ||||1| spa d
080 _a1 Agustín, Santo
080 _a929 Agustin, Santo
100 0 _aAgustín
_cSanto, Obispo de Hipona.
_9125563
245 1 0 _aConfesiones /
_cSan Agustín ; [edición crítica y anotada por el R. P. Ángel C. Vega].
246 1 1 _aConfessiones
260 _aMadrid :
_bBiblioteca de Autores Cristianos :
_bLa Editorial Católica,
_c1946.
300 _a975 p. :
_bil. ;
_c20 cm.
490 1 _aObras de San Agustín : texto bilingüe ;
_v2
490 1 _aB.A.C. Sección VI. Filosofía
500 _aCronología de las obras de San Agustín.
504 _aBibliografía.
505 8 _aContiene: T. II : Introducción a la filosofía de San Agustín. Las Confesiones.
546 _aTexto latino y traducción en español.
594 _aTít. tomado del lomo.
600 0 4 _aAgustín
_cSanto, Obispo de Hipona-
_xBiografías.
_918920
600 0 4 _aAgustín
_cSanto, Obispo de Hipona-
_xCrítica e interpretación.
_918918
700 1 _aVega, Ángel Custodio.
_9113535
830 0 _aObras de San Agustín : texto bilingüe ;
_v2
_9219777
830 0 _aB.A.C. Sección VI. Filosofía
_9191901
852 4 _aES-MaACL
_jE-12044
_9R.139951
_z. - Biblioteca Jacinto Martínez Lacalle
999 _c133739
_d133739